Top 20 Lil Wayne Song - Statistics

General Stats
  • This quiz has been taken 4 times
  • The average score is 10 of 20
Answer Stats
# Album Score Song % Correct
1 The Carter IV 97 6 Foot 7 Foot
100%
6 The Carter III 92 A milli
100%
2 The Carter V 95 Mona Lisa
100%
7 The Carter II 91 Best Rapper Alive
67%
20 Fireman 87 Fireman
67%
5 The Carter II 93 Hustler musik
67%
11 The Carter III 90 Mr.Carter
67%
19 The Carter IV 87 She will
67%
10 No ceilings 90 Shoes
67%
18 The Carter II 88 Carter II
33%
8 The Carter II 91 Fly in
33%
17 The Carter II 88 Fly Out
33%
16 The Carter IV 88 John
33%
4 The Carter V 94 Let it all Work
33%
9 The Carter II 91 Receipt
33%
15 Sorry 4 The Wait 89 Sorry 4 The Wait
33%
14 The Carter II 89 Tha mobb
33%
3 No Ceilings 95 Swag surf
0%
13 No ceilings 89 Throw it in
0%
12 No ceilings 89 YM Wasted
0%
No matching quizzes found
Score Distribution
Percent of People with Each Score
Percentile by Number Answered
Your Score History
You have not taken this quiz